000 00838nam a2200253 4500
003 DO-SdBPM
005 20250313132253.0
008 161207b2011 p 00| 0 spa d
020 _a9786124063404
040 _aDO-SdBPM
_bspa
_cBPMSU
082 4 _a853.8
_bC714p 2011
_222
100 1 _a Collodi, Carlo,
_d 1826-1890.
245 1 0 _aPinocho /
_cCarlo Lorenzini ; ilustración Gerson Jara Morales
260 _aLima, Perú :
_bEducativa,
_c2011
300 _3[10 páginas ] :
_bils. ;
_c27 cm
490 0 _aPintacuentos pintando mis personajes
590 _aInventariado, 2025/VM
650 4 _aCuentos infantiles italianos
_x
650 4 _aLiteratura infantil italiana
650 4 _aLibros ilustrados para niños
700 1 _a Jara Morales, Gerson
_eilustración
910 _aVMateo V. Control de calidad BPMSU
942 _2ddc
_cBK
999 _c15002
_d15002